=LDR 00000nam 2200000 4500 =001 INLIS000000000055132 =005 20200316073649 =035 ##$$a 0010-0320000239 =007 ta =008 200316###########################0#ind## =020 ##$$a 978-602-1279-02-1 =082 ##$$a 613.2 =084 ##$$a 613.2 Non i =245 1#$$a Infused Water : $b Minuman Alami Bervitamin & Super Sehat /$c Noni Soraya,M.Si, =250 ##$$a cet 1 =300 ##$$a 140 halamn : $b Ilustrasi ; $c 23 cm =650 #4$$a Minuman- Aspek Kesehatan =700 #$$a penyunting; Marta =264 ##$$a Jakarta :$b Penebar Plus,$c 2014 =336 ##$$a Teks$2 rdacontent =337 ##$$a lain-lain$2 rdamedia =338 ##$$a lain-lain$2 rdacarrier =990 ##$$a 19911991 =990 ##$$a 19911991